Car Brands by Logo - Statistics

General Stats
  • This quiz has been taken 2,502 times
    2,280 since last reset
  • The average score is 22 of 26
Answer Stats
Picture Answer % Correct
Audi
99%
Honda
98%
Toyota
98%
Tesla
97%
Volkswagen
95%
Ferrari
94%
Hyundai
94%
Chevrolet
92%
Lexus
92%
Jaguar
91%
Mercedes
91%
Porsche
91%
Mazda
90%
Lamborghini
87%
Mitsubishi
86%
Subaru
86%
Bentley
84%
Infiniti
80%
Alfa Romeo
79%
Cadillac
78%
Maserati
75%
Corvette
74%
Mini Cooper
69%
Buick
62%
Acura
60%
Lincoln
58%
No matching quizzes found
Score Distribution
Percent of People with Each Score
Percentile by Number Answered
Your Score History
You have not taken this quiz since the last reset